| 000 | 00874nas a2200301 4500 | ||
|---|---|---|---|
| 001 | BR9501345 | ||
| 003 | BR-BrBNA | ||
| 005 | 20231205094256.0 | ||
| 007 | ta | ||
| 008 | 230509b bl.|||p| |||| 00| 00por d | ||
| 040 |
_aBR-BrBNA _bpor _cBiblioteca Nacional de Agricultura |
||
| 041 | _a(Pt) | ||
| 072 | _aH20 | ||
| 100 | 1 | _aRezende, J.A.M. | |
| 100 | 1 | _aYuki, V.A. | |
| 100 | 1 | _aVega, J. | |
| 100 | 1 | _aScagliusi, S.M.M. | |
| 100 | 1 | _aBorba, L.F. | |
| 100 | 1 | _aCosta. A.S. | |
| 245 | 1 | _aIsolados fracos do potyvirus causador do mosaico da abobrinha presentes em bolhas atuam na premunizacao | |
| 650 | _aAbobora | ||
| 650 | _aMosaico | ||
| 650 | _aVirus | ||
| 650 | _aInfeccao | ||
| 773 | 0 |
_tFitopatologia Brasileira (Brazil) _xISSN 0100-4158 _g(Mar 1994), v. 19(1) p. 55-61 _wBR9501345 |
|
| 909 |
_a202311 _bLúcia _c55 _dLúcia Elande |
||
| 942 |
_2AGRIS _n0 _cANA |
||
| 999 |
_c143259 _d143259 |
||